Top 12 US states that have the most cities with a population over 100k - Statistics

General Stats
  • This quiz has been taken 45 times
  • The average score is 10 of 12
Answer Stats
Hint Answer % Correct
76 California
100%
44 Texas
100%
27 Florida
95%
10 Washington
93%
8 Virginia
86%
13 Arizona
83%
8 Georgia
83%
8 Illinois
83%
8 Michigan
83%
10 North Carolina
83%
12 Colorado
81%
9 Massachusetts
69%
No matching quizzes found
Score Distribution
Percent of People with Each Score
Percentile by Number Answered
Your Score History
You have not taken this quiz